[Event "AUTO-MASTER-916"]
[Site "http://www.queenalice.com/game.php?id=658121"]
[Date "2009.9.26"]
[Round "1"]
[White "Kzar"]
[Black "Evandrogon"]
[Result "1-0"]
[WhiteElo "2057"]
[BlackElo "1939"]

1. e4 Nc6 2. Nf3 d5 3. exd5 Qxd5 4. Nc3 Qd8 5. d4 Bg4 6. d5 Ne5 7. Be2 Nxf3+ 8.
Bxf3 Bxf3 9. Qxf3 Nf6 10. O-O g6 11. Bg5 Bg7 12. Rfe1 O-O 13. Rad1 a6 14. b3 Qd7
15. Ne4 Nxe4 16. Qxe4 Bf6 17. Bxf6 exf6 18. Qe7 Qxe7 19. Rxe7 Rac8 20. c4 Rfd8
21. d6 cxd6 22. Rxb7 Rc5 23. Kf1 Re5 24. Re1 a5 25. Rb6 Kg7 26. Ra6 Rc5 27. Re7
d5 28. cxd5 Rdxd5 29. Raa7 Rc1+ 30. Re1 Rxe1+ 31. Kxe1 f5 32. Rc7 h5 33. Rc2 g5
34. Ke2 Kg6 35. a3 f4 36. f3 f6 37. b4 axb4 38. axb4 g4 39. Rb2 Re5+ 40. Kf2 g3+
41. hxg3 fxg3+ 42. Kxg3 Rb5 43. Kf2 Kg5 44. Ke3 f5 45. g3 h4 46. gxh4+ Kxh4 47.
Kd4 Kg3 48. Rb3 f4 49. Kc4 Re5 50. Kd4 Rb5 51. Kc4 Re5 52. b5 Re3 53. b6 Re8 54.
b7 Rb8 55. Kc5 Rxb7 56. Rxb7 Kxf3 57. Kd4 Kf2 58. Rb3 Ke2 59. Ke4 f3 60. Rxf3
Kd2 61. Rh3 Kc2 62. Kd4 Kb2 63. Kc4 Kc2 64. Rh2+ Kd1 65. Kc3 Ke1 66. Kd3 Kf1 67.
Ke3 Kg1 68. Ra2 Kh1 69. Kf3 Kg1 70. Rb2 Kh1 71. Kg3 Kg1 72. Rb1# 1-0

[Event "AUTO-MASTER-916"]
[Site "http://www.queenalice.com/game.php?id=658122"]
[Date "2009.9.26"]
[Round "1"]
[White "Evandrogon"]
[Black "Kzar"]
[Result "0-1"]
[WhiteElo "1953"]
[BlackElo "2001"]

1. Nf3 g6 2. e4 d5 3. e5 d4 4. Bc4 Bg7 5. Ng5 e6 6. O-O Qxg5 7. d3 Qxe5 8. Re1
Qd6 9. g3 Ne7 10. Bf4 e5 11. Bd2 O-O 12. a3 b6 13. c3 c5 14. cxd4 exd4 15. Bf4
Qd7 16. Nd2 Bb7 17. Ne4 Nbc6 18. Nd6 Na5 19. Bxf7+ Rxf7 20. Nxf7 Kxf7 21. b4 Qd5
22. Re4 Nac6 23. bxc5 bxc5 24. Rb1 Ba6 25. Qf3 Kg8 26. Rbe1 Re8 27. Kg2 Bb7 28.
Rb1 Ne5 29. Bxe5 Bxe5 30. h4 Rf8 31. Qg4 Nf5 32. Kg1 Nd6 33. Rxb7 Qxb7 34. Rxe5
Re8 35. Rxe8+ Nxe8 36. Qe6+ Qf7 37. Qc6 Qe7 38. Qd5+ Kg7 39. a4 Nf6 40. Qc6 Ng4
41. Kg2 Ne5 42. Qa6 Qc7 43. Kf1 Qb6 44. Qc8 Qc6 45. Qxc6 Nxc6 46. Ke2 h5 47. Kf3
Kf6 48. Ke4 Ke6 49. f4 Ne7 50. a5 a6 51. Kf3 Kf5 52. Kg2 Nc6 0-1

[Event "AUTO-MASTER-916"]
[Site "http://www.queenalice.com/game.php?id=658123"]
[Date "2009.9.26"]
[Round "1"]
[White "Kzar"]
[Black "saiesha"]
[Result "0-1"]
[WhiteElo "2057"]
[BlackElo "2047"]

1. d4 Nf6 2. c4 e6 3. g3 Bb4+ 4. Bd2 Qe7 5. Nf3 O-O 6. Bg2 Ne4 7. O-O Nxd2 8.
Nbxd2 c6 9. a3 Ba5 10. e4 d5 11. b4 Bc7 12. exd5 cxd5 13. cxd5 exd5 14. Re1 Be6
15. Rc1 Qd7 16. Nb3 b6 17. Qc2 Na6 18. Bf1 b5 19. Qc6 Qxc6 20. Rxc6 Bb6 21. Ne5
Nc7 22. Rcc1 a6 23. Nc5 Rfd8 24. Nf3 h6 25. Nxe6 Nxe6 26. Red1 Rac8 27. Ra1 Rc3
28. Kg2 g5 29. a4 g4 30. Ne5 Bxd4 31. Nxg4 Kg7 32. f4 Rc2+ 33. Kh1 Bxa1 34. Rxa1
d4 35. Ne5 f6 36. axb5 fxe5 0-1

[Event "AUTO-MASTER-916"]
[Site "http://www.queenalice.com/game.php?id=658124"]
[Date "2009.9.26"]
[Round "1"]
[White "saiesha"]
[Black "Kzar"]
[Result "0-1"]
[WhiteElo "2041"]
[BlackElo "2041"]

1. d4 Nf6 2. c4 e6 3. g3 c5 4. d5 exd5 5. cxd5 b5 6. a3 Bb7 7. Bg2 Be7 8. e4 d6
9. Ne2 O-O 10. O-O Na6 11. Bf4 Nc7 12. Nd2 Nh5 13. Nf3 Nxf4 14. Nxf4 Bf6 15. Qc2
a5 16. Nh5 Re8 17. Nxf6+ Qxf6 18. Rfe1 Bc8 19. b4 axb4 20. a4 bxa4 21. Rxa4 Bd7
22. Rxa8 Rxa8 23. e5 Qe7 24. h4 h6 25. exd6 Qxd6 26. Ne5 Re8 27. Qd2 Bb5 28. Nd3
Rxe1+ 29. Nxe1 Bc4 30. Nc2 Ne8 31. Ne3 Bb5 32. Nf5 Qe5 33. Bh3 Nd6 34. Nxd6 Qxd6
35. Bg2 c4 36. Be4 c3 37. Qa2 g6 38. Qc2 Bc4 39. Kh2 Qe5 40. Bxg6 Bxd5 41. Bd3
Qe1 42. Kh3 b3 0-1

[Event "AUTO-ADV-1459"]
[Site "http://www.queenalice.com/game.php?id=708814"]
[Date "2010.1.5"]
[Round "2"]
[White "miguel7"]
[Black "Kzar"]
[Result "0-1"]
[WhiteElo "1890"]
[BlackElo "2002"]

1. e4 c5 2. Nc3 a6 3. Nf3 b5 4. d3 Bb7 5. Be3 e6 6. Nd2 Nc6 7. b3 g6 8. g4 Bg7
9. Nd5 exd5 10. exd5 Nce7 11. Bg5 Bxd5 12. Ne4 Bxe4 13. dxe4 Qa5+ 14. Bd2 Bc3
15. Bg2 Bxd2+ 16. Qxd2 Qxd2+ 17. Kxd2 Nf6 18. e5 Rd8 19. exf6 Nc6 20. Rae1+ Kf8
21. Re3 Nd4 22. Re7 h5 23. g5 h4 24. h3 Ne6 25. Bb7 a5 26. Ba6 b4 27. c3 Rh5 28.
Rg1 Nxg5 29. Be2 Nxh3 30. Re1 Rd5+ 31. Kc2 Nf4 32. Bc4 h3 33. Bxd5 Nxd5 34. R7e5
Nxf6 35. f3 d6 36. Re7 bxc3 37. Ra7 Nd5 38. Rxa5 Nf4 39. Rh1 Re8 40. Ra4 g5 41.
Rc4 Re2+ 42. Kxc3 Re3+ 43. Kb2 Rxf3 44. Rc3 Rxc3 45. Kxc3 g4 0-1

[Event "AUTO-ADV-1459"]
[Site "http://www.queenalice.com/game.php?id=708815"]
[Date "2010.1.5"]
[Round "2"]
[White "Kzar"]
[Black "miguel7"]
[Result "1-0"]
[WhiteElo "2038"]
[BlackElo "1947"]

1. d4 f5 2. g3 Nf6 3. Bg2 d5 4. c4 Be6 5. Nh3 h6 6. Nf4 Bf7 7. O-O g5 8. Nd3 Nc6
9. Ne5 Nxe5 10. dxe5 Ne4 11. cxd5 Bxd5 12. Nc3 Nxc3 13. bxc3 Bxg2 14. Kxg2 e6
15. Qa4+ c6 16. Ba3 Qd5+ 17. Kg1 Qxe5 18. Rad1 Qxc3 19. Rd3 Qg7 20. Rfd1 g4 21.
Rd7 Qe5 22. Rxb7 Bxa3 23. Qxa3 c5 24. Qa4+ Kf8 25. Qxa7 Re8 26. Rdd7 1-0

[Event "AUTO-ADV-1459"]
[Site "http://www.queenalice.com/game.php?id=708820"]
[Date "2010.1.5"]
[Round "2"]
[White "Kzar"]
[Black "KobeB"]
[Result "1-0"]
[WhiteElo "2049"]
[BlackElo "1914"]

1. e4 e5 2. Nf3 Nc6 3. Bb5 a6 4. Ba4 Nf6 5. O-O Nxe4 6. d4 b5 7. Bb3 d5 8. dxe5
Be6 9. Nbd2 Nc5 10. c3 Be7 11. Bc2 Bg4 12. Re1 O-O 13. Nb3 Nd7 14. Qxd5 Bxf3 15.
Qxf3 Ncxe5 16. Qh3 g6 17. Be3 Bf6 18. Rad1 Qc8 19. Be4 c6 20. f4 Nc4 21. Qxd7
Nxe3 22. Rxe3 Qxd7 23. Rxd7 a5 24. Bxc6 Rab8 25. Nxa5 b4 26. Nb3 bxc3 27. bxc3
Rbc8 28. Rd6 Be7 29. Rxe7 1-0

[Event "AUTO-ADV-1459"]
[Site "http://www.queenalice.com/game.php?id=708821"]
[Date "2010.1.5"]
[Round "2"]
[White "KobeB"]
[Black "Kzar"]
[Result "0-1"]
[WhiteElo "1903"]
[BlackElo "2047"]

1. e4 c5 2. Nf3 d6 3. Bb5+ Nd7 4. O-O Nf6 5. Re1 a6 6. Bxd7+ Bxd7 7. d4 cxd4 8.
Qxd4 e6 9. Bg5 Be7 10. Nc3 O-O 11. Rad1 Rc8 12. e5 dxe5 13. Nxe5 Bc6 14. Nxc6
Rxc6 15. Qxd8 Rxd8 16. g3 h6 17. Bxf6 Bxf6 18. Rxd8+ Bxd8 19. Rd1 Bf6 20. Rd3
Bxc3 21. Rxc3 Rxc3 22. bxc3 f5 23. f4 Kf7 24. Kf2 Kf6 25. Ke3 e5 26. Kf3 e4+ 27.
Ke3 Ke6 28. Kd4 Kd6 29. a4 a5 30. c4 b6 31. c3 h5 32. h3 g6 33. c5+ bxc5+ 34.
Kc4 Kc6 35. h4 Kd6 36. Kb3 Kd5 37. Kb2 e3 0-1

[Event "AUTO-ADV-1459"]
[Site "http://www.queenalice.com/game.php?id=708822"]
[Date "2010.1.5"]
[Round "2"]
[White "Kzar"]
[Black "NandoBg"]
[Result "0-1"]
[WhiteElo "2040"]
[BlackElo "2188"]

1. d4 Nf6 2. c4 d5 3. cxd5 Qxd5 4. Nc3 Qa5 5. Nf3 Nc6 6. Bd2 Be6 7. e4 Qh5 8. d5
Nxd5 9. exd5 Bxd5 10. Nxd5 Qxd5 11. Be2 e6 12. O-O Bd6 13. Bc3 O-O 14. a3 Ne7
15. Qc2 Rad8 16. Rad1 Qh5 17. Qe4 Nd5 18. Bd2 Rfe8 19. Nh4 Nf6 20. Bxh5 Nxe4 21.
Be3 Be5 22. Bf3 f5 23. Bxe4 fxe4 24. g3 Bxb2 25. a4 b6 26. Ng2 c5 27. Nf4 c4 28.
Rxd8 Rxd8 29. Rb1 c3 30. Nxe6 Rd3 31. Nd4 Rxd4 32. Bxd4 c2 33. Rxb2 c1=Q+ 34.
Kg2 Qc4 35. Be5 e3 0-1

[Event "AUTO-ADV-1459"]
[Site "http://www.queenalice.com/game.php?id=708823"]
[Date "2010.1.5"]
[Round "2"]
[White "NandoBg"]
[Black "Kzar"]
[Result "1-0"]
[WhiteElo "2159"]
[BlackElo "2052"]

1. Nf3 Nf6 2. Nc3 d5 3. e3 g6 4. d4 Bg7 5. Bd3 O-O 6. O-O Nbd7 7. Re1 c5 8. h3
Re8 9. Ne5 c4 10. Bf1 Qc7 11. e4 e6 12. exd5 Nxe5 13. Rxe5 Nxd5 14. Nxd5 Qd7 15.
Nc3 Bxe5 16. dxe5 Qxd1 17. Nxd1 b5 18. a4 Bd7 19. axb5 Bxb5 20. Nc3 a6 21. g3
Red8 22. Bg5 Rd7 23. Nxb5 Rb8 24. Nd6 1-0

[Event "AUTO-MASTER-916"]
[Site "http://www.queenalice.com/game.php?id=716036"]
[Date "2010.1.18"]
[Round "2"]
[White "Kzar"]
[Black "kingjo"]
[Result "0-1"]
[WhiteElo "2060"]
[BlackElo "2126"]

1. d4 d5 2. c4 Nf6 3. cxd5 Qxd5 4. Nc3 Qd8 5. e4 e6 6. Nf3 Nc6 7. Bb5 Bd7 8. O-O
Be7 9. Re1 O-O 10. Qc2 a6 11. Bd3 g6 12. a3 Bc8 13. Bh6 Re8 14. Be3 Ng4 15. Rad1
Nxe3 16. Rxe3 Bf6 17. d5 Nd4 18. Qa4 b5 19. Nxb5 Nxf3+ 20. Rxf3 Bd7 21. dxe6
Rxe6 22. Bc4 axb5 23. Qb3 bxc4 24. Qc2 Qe7 0-1

[Event "AUTO-MASTER-916"]
[Site "http://www.queenalice.com/game.php?id=716037"]
[Date "2010.1.18"]
[Round "2"]
[White "kingjo"]
[Black "Kzar"]
[Result "1/2-1/2"]
[WhiteElo "2153"]
[BlackElo "2050"]

1. e4 c5 2. d4 cxd4 3. c3 Nf6 4. e5 Nd5 5. cxd4 d6 6. Nf3 Nc6 7. Be2 e6 8. O-O
Be7 9. Nbd2 O-O 10. Nb3 dxe5 11. Nxe5 Qc7 12. Nxc6 Qxc6 13. Bf3 b6 14. Be3 Bb7
15. Rc1 Qd7 16. Qe2 a5 17. Rfd1 Bb4 18. a3 Ba6 19. Qc2 Rac8 20. Qb1 Be7 21. Nd2
Rxc1 22. Rxc1 Rc8 23. Rxc8+ Bxc8 24. Qc2 Ba6 25. Ne4 Qb5 26. Qc1 h6 27. Bd2 Nf6
28. Nc3 Qf5 29. h3 Bd3 30. Qe1 Bd6 31. Qe3 Bc4 32. Ne4 Nxe4 33. Qxe4 Qxe4 34.
Bxe4 Bb3 35. Bd3 Kf8 36. Bc3 g6 37. Kf1 Ke8 38. Ke2 Be7 39. g3 h5 40. h4 Bf6 41.
Ke3 Ke7 42. Bb5 1/2-1/2

[Event "AUTO-MASTER-916"]
[Site "http://www.queenalice.com/game.php?id=716038"]
[Date "2010.1.18"]
[Round "2"]
[White "Kzar"]
[Black "afonso092"]
[Result "0-1"]
[WhiteElo "2057"]
[BlackElo "1978"]

1. e4 e5 2. Nf3 d6 3. d4 exd4 4. Nxd4 h6 5. Bc4 Nf6 6. Nc3 Be7 7. O-O O-O 8. Re1
Bd7 9. Bf4 Nc6 10. a3 a6 11. Qd2 Nxd4 12. Qxd4 Be6 13. Bxe6 fxe6 14. e5 dxe5 15.
Qxe5 Qd6 16. Qxe6+ Qxe6 17. Rxe6 Bd8 18. Rd1 c6 19. Bd6 Re8 20. Rde1 Kf7 21.
Rxe8 Nxe8 22. b3 Nxd6 23. Re3 Bb6 24. Rf3+ Kg8 25. a4 Rf8 26. Rxf8+ Kxf8 27. Kf1
Kf7 28. f3 Nf5 29. Nd1 Nd4 30. Ne3 Ke6 31. Ke1 Nf5 32. Nxf5 Kxf5 33. Ke2 g5 34.
g4+ Kf4 35. b4 Bg1 36. c4 Bxh2 37. b5 cxb5 38. axb5 axb5 39. cxb5 Ke5 40. Kd3
Kd5 0-1

[Event "AUTO-MASTER-916"]
[Site "http://www.queenalice.com/game.php?id=716039"]
[Date "2010.1.18"]
[Round "2"]
[White "afonso092"]
[Black "Kzar"]
[Result "0-1"]
[WhiteElo "1891"]
[BlackElo "2030"]

1. e4 c5 2. h3 g6 3. c3 Qa5 4. Nf3 Bg7 5. Na3 Nf6 6. Nc4 Qc7 7. d3 Nc6 8. Be2
O-O 9. O-O d5 10. exd5 Nxd5 11. Bg5 h6 12. Bh4 b5 13. Ne3 Be6 14. Bg3 Ne5 15.
Nxe5 Bxe5 16. Bxe5 Qxe5 17. Ng4 Qg5 18. Qc1 Nf4 19. Qe3 h5 20. g3 Nxh3+ 21. Kg2
hxg4 22. Qxg5 Nxg5 23. Rh1 Bd5+ 24. Kg1 Bxh1 0-1

[Event "AUTO-MASTER-916"]
[Site "http://www.queenalice.com/game.php?id=716040"]
[Date "2010.1.18"]
[Round "2"]
[White "Kzar"]
[Black "BobGomes"]
[Result "0-1"]
[WhiteElo "2054"]
[BlackElo "2096"]

1. e4 e5 2. Nf3 Nc6 3. Bb5 a6 4. Ba4 Nf6 5. O-O Be7 6. d3 b5 7. Bb3 d6 8. a4 Bb7
9. Nc3 b4 10. Nd5 Nxd5 11. Bxd5 a5 12. Be3 Rb8 13. Qd2 h6 14. c3 Qd7 15. d4 exd4
16. Nxd4 Nxd4 17. Bxd4 Bxd5 18. exd5 O-O 19. c4 Qf5 20. Rfe1 Rbe8 21. Re2 Bg5
22. Qd1 Bf4 23. Re1 Rxe1+ 24. Qxe1 Qc2 25. Qf1 Re8 26. g3 Be5 27. Bxe5 Rxe5 28.
Qc1 Re2 29. Qxc2 Rxc2 30. b3 Rb2 0-1

[Event "AUTO-MASTER-916"]
[Site "http://www.queenalice.com/game.php?id=716041"]
[Date "2010.1.18"]
[Round "2"]
[White "BobGomes"]
[Black "Kzar"]
[Result "1-0"]
[WhiteElo "2121"]
[BlackElo "2014"]

1. e4 c5 2. f4 d5 3. exd5 Nf6 4. c4 e6 5. dxe6 Bxe6 6. b3 Qd4 7. Nc3 Qxf4 8. Qf3
Qxf3 9. Nxf3 a6 10. Be2 Bd6 11. O-O O-O 12. d4 cxd4 13. Nxd4 Bd7 14. Bf3 Nc6 15.
Nxc6 Bxc6 16. Bxc6 bxc6 17. h3 Bc5+ 18. Kh2 Bd4 19. Bb2 Rfe8 20. Nd1 Bxb2 21.
Nxb2 Re2 22. Na4 Rd8 23. Nc5 Rdd2 24. Rg1 Nh5 25. Rad1 a5 26. Rxd2 Rxd2 27. a4
Nf4 28. Nb7 Nd3 29. Nxa5 c5 30. Kg3 Kf8 31. Kf3 Ne5+ 32. Ke3 Rb2 33. Ke4 Nd7 34.
Kd5 f6 35. g4 Kf7 36. Rd1 Re2 37. Kc6 Nf8 38. Kxc5 1-0

[Event "QA-ANNIV-05"]
[Site "http://www.queenalice.com/game.php?id=793714"]
[Date "2010.6.23"]
[Round "5"]
[White "Kzar"]
[Black "PedroBritto"]
[Result "1-0"]
[WhiteElo "2014"]
[BlackElo "1551"]

1. d4 d5 2. c4 Nf6 3. Nc3 dxc4 4. e4 e5 5. d5 b5 6. Bg5 Bd6 7. Nxb5 Bb4+ 8. Nc3
O-O 9. Bxf6 Qxf6 10. Bxc4 Na6 11. Ne2 Bc5 12. O-O Qg6 13. Ng3 Bg4 14. Qa4 Nb4
15. a3 Nc2 16. Qxc2 Rad8 17. Rac1 Qb6 18. b4 Bd4 19. h3 Bd7 20. Nce2 c6 21. Rfd1
Bxf2+ 22. Kh1 Be3 23. Rb1 Bg5 24. Rf1 Qe3 25. dxc6 Bxc6 26. Bxf7+ Rxf7 27. Qxc6
Rxf1+ 28. Rxf1 Qxa3 29. Qc4+ Kh8 30. Qc5 Bf6 31. Nh5 Qa6 32. Nxf6 gxf6 33. Qe7
Rg8 34. Qxf6+ Qxf6 35. Rxf6 Rb8 36. Ra6 Rxb4 37. Ng3 Rb7 38. Nf5 Rb4 39. Rxa7 h5
40. Ra6 Rxe4 41. Rh6+ Kg8 42. Rxh5 Kf7 43. Nd6+ 1-0

[Event "CARO KANN  E4 C6"]
[Site "http://www.queenalice.com/game.php?id=798957"]
[Date "2010.7.5"]
[Round "4"]
[White "vininb"]
[Black "Kzar"]
[Result "1-0"]
[WhiteElo "1871"]
[BlackElo "2016"]

1. e4 c5 2. Nf3 d6 3. Bb5+ Bd7 4. Bxd7+ Nxd7 5. c3 Ngf6 6. d3 g6 7. Be3 Bg7 8.
Qb3 Qb6 9. Nbd2 O-O 10. O-O Rac8 11. Nc4 Qc7 12. d4 cxd4 13. cxd4 Qxc4 14. Qxb7
Rc7 15. Rfc1 Rxb7 16. Rxc4 Rxb2 17. Rc7 Rfb8 18. g3 Rb1+ 19. Rxb1 Rxb1+ 20. Kg2
e5 21. Rxa7 exd4 22. Bxd4 Nc5 23. Ra8+ Bf8 24. Bxf6 Nd7 25. Be7 Kg7 26. Bxf8+
Nxf8 27. Rd8 Rb6 28. Ra8 Nd7 29. a4 Nc5 30. a5 Rc6 31. Nd4 Rc7 32. Kf3 Kf6 33.
Kf4 Ne6+ 34. Nxe6 fxe6 35. a6 g5+ 36. Ke3 1-0